Comentarios sobre comportamiento verbal y obra literaria desde un punto de vista freudiano (Record no. 28501)

MARC details
000 -LEADER
campo de control de longitud fija 00552nam a2200157 i 4500
001 - NÚMERO DE CONTROL
campo de control 28501
003 - IDENTIFICADOR DE NÚMERO DE CONTROL
campo de control ES-MaACL
005 - FECHA Y HORA DE LA ÚLTIMA TRANSACCIÓN
campo de control 20230906153851.0
007 - CAMPO FIJO DE DESCRIPCIÓN FÍSICA--INFORMACIÓN GENERAL
campo de control de longitud fija t|
008 - DATOS DE LONGITUD FIJA--INFORMACIÓN GENERAL
campo de control de longitud fija 030117s1982 sp ||||1| spa d
100 1# - ENTRADA PRINCIPAL--NOMBRE DE PERSONA
Nombre de persona Baez San José, Valerio.
9 (RLIN) 24611
245 10 - MENCIÓN DEL TÍTULO
Título Comentarios sobre comportamiento verbal y obra literaria desde un punto de vista freudiano
Resto del título : discurso apertura del curso académico 1982-83 /
Mención de responsabilidad, etc. Valerio Baez San José.
260 ## - PUBLICACIÓN, DISTRIBUCIÓN, ETC.
Lugar de publicación, distribución, etc. Cádiz :
Nombre del editor, distribuidor, etc. Universidad,
Fecha de publicación, distribución, etc. 1982.
300 ## - DESCRIPCIÓN FÍSICA
Extensión 44 p. ;
Dimensiones 24 cm.
852 ## - LOCALIZACIÓN
Ubicación ES-MaACL
Número de control de estantería 2119-F-22
Sublocalización o colección R.104132
Holdings
Estatus retirado Estado de pérdida Estado de daño No para préstamo Colección Biblioteca de origen Biblioteca actual Ubicación en estantería Fecha de adquisición Fuente de adquisición Total de préstamos Signatura topográfica completa Código de barras Visto por última vez Precio de reemplazo Tipo de ítem Koha
        Colección de folletos Biblioteca del Ateneo de Madrid Biblioteca del Ateneo de Madrid Depósito folletos 17/01/2008     2119-F-22 1029422 23/02/2023 23/02/2023 Folleto